Environmental management and streel level regulators: a culluiral trap (Record no. 22989)
[ view plain ]
| 000 -LEADER | |
|---|---|
| fixed length control field | 00405pab a2200133 454500 |
| 008 - FIXED-LENGTH DATA ELEMENTS--GENERAL INFORMATION | |
| fixed length control field | 180718b xxu||||| |||| 00| 0 eng d |
| 100 ## - MAIN ENTRY--PERSONAL NAME | |
| Personal name | Khator, Renu |
| 245 ## - TITLE STATEMENT | |
| Title | Environmental management and streel level regulators: a culluiral trap |
| 650 ## - SUBJECT ADDED ENTRY--TOPICAL TERM | |
| Topical term or geographic name entry element | Environment Management |
| 700 ## - ADDED ENTRY--PERSONAL NAME | |
| Personal name | Kathleen, Chan, Hon S. |
| 700 ## - ADDED ENTRY--PERSONAL NAME | |
| Personal name | Kathleen, N.G |
| 773 ## - HOST ITEM ENTRY | |
| Main entry heading | Public Administrational and Development |
| 909 ## - | |
| -- | 22989 |
| Withdrawn status | Lost status | Damaged status | Not for loan | Permanent Location | Current Location | Date acquired | Serial Enumeration / chronology | Barcode | Date last seen | Price effective from | Koha item type |
|---|---|---|---|---|---|---|---|---|---|---|---|
| Indian Institute of Public Administration | Indian Institute of Public Administration | 2018-07-19 | Issue no: 12(4) Oct.92., p.387-97. | AR23058 | 2018-07-19 | 2018-07-19 | Articles |
